000 00712nam a2200229Ia 4500
003 LC
005 20160105141842.0
008 140512s9999 xx 000 0 und d
020 _a9780199151431
050 _aQH 316
_b.Al59 2007
100 _aAllott, Andrew
245 _aBiology for the IB diploma :
_bstandard and higher level
_cAndrew Allott
260 _aOxford :
_bOxford University Press,
_cc2007.
300 _a186 p. :
_bill. ;
_c28 cm.
440 _aIB study guides
500 _aIncludes index.
650 _aBiology
_xExamination -- Study guides
650 _aBiology
_xStudy and teaching (higher)
650 _aInternationa baccalaureate
_xStude guides
942 _cBK
_2lcc
999 _c116673
_d116673